| 000 | 01102cam a22003377a 4500 | ||
|---|---|---|---|
| 003 | CHAP | ||
| 005 | 20220817043829.0 | ||
| 008 | 010926d2000 mx r 00110 spa d | ||
| 010 | _a85578 | ||
| 011 | _a86550 | ||
| 020 | _a0851994377 | ||
| 035 | _a97089 | ||
| 040 | _cCHAP | ||
| 082 | 0 | 4 |
_a636.085 _bW4 |
| 245 | 1 | 0 |
_aNutrient elements in grassland : _bsoil-plant-animal relationships _c/by David C. Whitehead |
| 260 |
_aWsllingford : _bCABI Publishing, _c2000. |
||
| 300 | _a369 p. | ||
| 590 |
_aBATCH-UPD _b10 _c20130110 _lUCH01 _h1548 |
||
| 590 |
_aBATCH-UPD _b10 _c20130410 _lUCH01 _h0946 |
||
| 590 |
_aBATCH-UPD _b10 _c20130914 _lUCH01 _h1256 |
||
| 590 |
_aCONVERSION _b10 _c20130109 _lUCH01 _h1348 |
||
| 650 | 0 | 4 |
_aElementos menores. _936257 |
| 650 | 1 | 4 | _aNutrición animal. |
| 650 | 1 | 4 |
_aPastos _xElementos minerales. _986023 |
| 650 | 1 | 4 |
_aRumiantes _xNutrición. _9100847 |
| 650 | 1 | 4 |
_aSuelos _xElementos minerales. _9110356 |
| 901 | _aBK | ||
| 905 | _aAlejandra Carrasco M. | ||
| 942 | _cLIBRO | ||
| 949 |
_a636.085 W4 _bBC _cLIBRO _d33724000864088 _eLIBRO _h102357 _i97089 _kI.213433 _si _t$ 1 100.00 |
||
| 999 |
_c85578 _d85578 |
||